LIBRARY & INFORMATION CENTRE, KCAET, TAVANUR

ONLINE PUBLIC ACCESS CATALOGUE (OPAC)

Aseptic processing and packaging of food- A food industry perspective / (Record no. 11237)

MARC details
000 -LEADER
fixed length control field 00506cam a2200181ua 4500
041 ## - LANGUAGE CODE
Language code of text/sound track or separate title eng
082 ## - DEWEY DECIMAL CLASSIFICATION NUMBER
Classification number 664
Item number DAV/AS
100 ## - MAIN ENTRY--AUTHOR NAME
Personal name Jairus, R D David .
245 ## - TITLE STATEMENT
Title Aseptic processing and packaging of food- A food industry perspective /
260 ## - PUBLICATION, DISTRIBUTION, ETC. (IMPRINT)
Place of publication Bocaratton :
Name of publisher CRC Press Inc. ,
Year of publication 1996.
300 ## - PHYSICAL DESCRIPTION
Number of Pages 257 ; .
500 ## - GENERAL NOTE
General note **Reference
700 1# - ADDED ENTRY--PERSONAL NAME
Personal name Carlson, V R .
700 1# - ADDED ENTRY--PERSONAL NAME
Personal name Ralph, H Graves .
942 ## - ADDED ENTRY ELEMENTS (KOHA)
Koha item type Books
Holdings
Withdrawn status Lost status Damaged status Home library Current library Shelving location Date acquired Full call number Accession Number Koha item type
      KAUAET KAUAET Reference1 07/04/2012 664 20799 Reference
free website counter